Hun og han: kjønn i forskning og politikk

Saved in:  
Bibliographic Details
Contributors: Holter, Harriet (Other)
Format: Print Book
Language:Norwegian
Published: Oslo Pax Forl. 1996
In:Year: 1996
Availability in Tübingen:Present in Tübingen.
UB: KB 19 A 6509
Check availability: HBZ Gateway
Subito Delivery Service: Order now.
Keywords:

MARC

LEADER 00000cam a2200000 c 4500
001 223287482
003 DE-627
005 20220512113451.0
007 tu
008 970131s1996 no ||||| 00| ||nor c
020 |a 8253018096  |9 82-530-1809-6 
035 |a (DE-627)223287482 
035 |a (DE-576)065916050 
035 |a (DE-599)GBV223287482 
035 |a (OCoLC)833068138 
035 |a (OCoLC)185769218 
040 |a DE-627  |b ger  |c DE-627  |e rakwb 
041 |a nor 
044 |c XA-NO 
050 0 |a MLCM 2002/03320 (H) 
084 |a 7,22  |2 ssgn 
245 0 0 |a Hun og han  |b kjønn i forskning og politikk  |c Harriet Holter ... 
264 1 |a Oslo  |b Pax Forl.  |c 1996 
300 |a 294 S  |b graph. Darst 
336 |a Text  |b txt  |2 rdacontent 
337 |a ohne Hilfsmittel zu benutzen  |b n  |2 rdamedia 
338 |a Band  |b nc  |2 rdacarrier 
583 1 |a Archivierung prüfen  |c 20200919  |f DE-640  |z 1  |2 pdager 
689 0 0 |d g  |0 (DE-588)4042640-3  |0 (DE-627)104106735  |0 (DE-576)209051795  |a Norwegen  |2 gnd 
689 0 1 |d s  |0 (DE-588)4018202-2  |0 (DE-627)104270705  |0 (DE-576)208923209  |a Frau  |2 gnd 
689 0 2 |d s  |0 (DE-588)4046514-7  |0 (DE-627)104152206  |0 (DE-576)209069945  |a Politik  |2 gnd 
689 0 |5 DE-101 
700 1 |a Holter, Harriet  |4 oth 
951 |a BO 
ELC |b 1 
LOK |0 000 xxxxxcx a22 zn 4500 
LOK |0 001 3247988858 
LOK |0 003 DE-627 
LOK |0 004 223287482 
LOK |0 005 19980616000000 
LOK |0 008 980515||||||||||||||||ger||||||| 
LOK |0 040   |a DE-21  |c DE-627  |d DE-21 
LOK |0 852   |a DE-21 
LOK |0 852 1  |c KB 19 A 6509  |9 00 
LOK |0 935   |a krim 
LOK |0 936ln  |a k8.6.6 
LOK |0 939   |a 15-05-98  |b l01 
ORI |a SA-MARC-krimdoka001.raw 
SIG |a UB: KB 19 A 6509